My favorite time of year /

A family enjoys the weather and activities of every season of the year.

Bibliographic Details
Main Author: Pearson, Susan
Other Authors: Wallner, John, 1945- (Illustrator)
Format: Book
Language:English
Published: New York : Harper & Row, [1988]
Edition:1st ed.
Subjects:

MARC

Tag First Indicator Second Indicator Subfields
LEADER 00000cam a2200000 a 4500
001 in00000032280
005 20151007060446.0
008 870515s1988 nyua j 00011 eng
010 |a  87045296  
020 |a 0060246820 (lib. bdg.) :  |c $12.89 
020 |a 0060246812 :  |c $11.95 
035 |a (OCoLC)16005436 
035 |9 AAC0901AM 
040 |a DLC  |c DLC  |d TXA  |d UtOrBLW 
049 |a [Curr Col] TXAM  |c [A11032839] 
050 0 0 |a PZ7.P323316  |b My 1988 
082 0 |a [E]  |2 19 
100 1 |a Pearson, Susan. 
245 1 0 |a My favorite time of year /  |c Susan Pearson ; illustrated by John Wallner. 
250 |a 1st ed. 
264 1 |a New York :  |b Harper & Row,  |c [1988] 
264 4 |c ©1988 
300 |a 32 unnumbered pages :  |b color illustrations ;  |c 26 cm. 
336 |a text  |b txt  |2 rdacontent 
337 |a unmediated  |b n  |2 rdamedia 
338 |a volume  |b nc  |2 rdacarrier 
520 |a A family enjoys the weather and activities of every season of the year. 
650 1 |a Seasons  |x Fiction. 
650 1 |a Family life  |x Fiction. 
700 1 |a Wallner, John,  |d 1945-,  |e illustrator. 
999 |a MARS 
999 f f |s bdd4cae7-0617-3196-b282-788b60478022  |i 6bce5cfd-3092-32fb-88cb-205508e110f9  |t 0 
952 f f |p normal  |a Texas A&M University  |b College Station  |c Sterling C. Evans Library  |d Evans: Curriculum Collection (4th floor)  |t 0  |e PZ7.P323316 My 1988  |h Library of Congress classification  |i unmediated -- volume  |m A14811032839 
998 f f |a PZ7.P323316 My 1988  |t 0  |l Evans: Curriculum Collection (4th floor)